00689nam a2200241 a 4500001001300000003000900013005001700022008004100039020001000080082001600090100001700106245002000123260003300143300000800176500003500184505003100219650001600250700001700266902000800283942000700291952013200298999001700430nice12345678IN_TiNIC20260116013344.0050524s1998 dela grp 000 0 eng  ac25000a340.59bAJI aAjijola, A D aWhat Is Shariah aDelhibAdam Publishersc1998 a370 aincludes index and biblioraphy2 aNotes, Bibliography, Index aIslamic-Law1 aAjijola, A D bSRS cBK 001040708StackRoom-aHMIbHMId2007-05-02g250.00l7m1o340.59 AJIp018499r2024-08-01s2024-07-31v250.00w2005-05-24yBK c10682d10682